| 000 | 01469nam a2200421 i 4500 | ||
|---|---|---|---|
| 001 | 30894 | ||
| 003 | KOSZ 005 | ||
| 005 | 20210609125512.0 | ||
| 008 | s1996 pl f |000 0 pol | ||
| 020 | _a8386676906 | ||
| 040 |
_cKOSZ 005 _aKOSZ 005 _dKOSZ 005/EG |
||
| 041 | 0 | _apol | |
| 046 | _k1996 | ||
| 080 | _a504.05 | ||
| 080 | _a534.08 | ||
| 080 | _a(438) | ||
| 245 | 0 | 0 |
_aZanieczyszczenie środowiska hałasem w świetle badań WIOŚ w 1995 roku : _b(stan badań na 31 XII 1995) / _c[aut. Zb. Koszarny et al.]. _n2. _n995). |
| 260 |
_aWarszawa : _bPańst. Inspekcja Ochrony Środowiska : _b"Trio", _c1995. |
||
| 300 |
_a91, [9] s. : _bfot, mapy, 2 pl., wykr. ; _c24 cm. |
||
| 336 |
_2rdacontent _aTekst _btxt |
||
| 337 |
_2rdamedia _aBez urządzenia pośredniczącego _bn |
||
| 338 |
_2rdacarrier _aWolumin _bnc |
||
| 380 | _aKsiążki | ||
| 388 | _a1901-2000 | ||
| 388 | _a1989-2000 | ||
| 490 | 1 | _aBiblioteka Monitoringu Środowiska | |
| 504 | _aBibliogr. s. 89-[92]. | ||
| 650 | 7 | _aHałas | |
| 650 | 7 | _aŚrodowisko człowieka | |
| 650 | 7 | _aPomiary | |
| 651 | 7 | _aPolska | |
| 658 | _aOchrona środowiska | ||
| 700 | 1 |
_aKoszarny, Zbigniew _eAutor |
|
| 710 | 2 |
_aPaństwowa Inspekcja Ochrony Środowiska _4pbl |
|
| 830 | _aBiblioteka Monitoringu Środowiska | ||
| 856 |
_uhttp://koha.tu.koszalin.pl/cgi-bin/koha/opac-detail.pl?biblionumber=30894 _yKatalog online BPK |
||
| 942 |
_cKS _2UKD |
||
| 999 |
_c30894 _d30894 |
||